000 01296 a2200229 4500
001 52895
005 20260407155803.0
008 260407a1997 arg spa d
003 AR-UNSa-BCEJYS
040 _aAR-UNSa-BCEJYS
_bspa
_cAR-UNSa-BCEJYS
080 _a519.2
_xProbabilidades y estadística matemática
245 1 0 _aEstadística y econometría
020 _a84-481-0798-5
264 1 _aMadrid :
_bMcGraw-Hill
_c1997
300 _axviii, 638 p.
_c25 cm.
505 _a1. Organización y análisis de datos - 2. Tasas de variación en datos temporales - 3. Números índices - 4. Teoría de la probabilidad - 5. Variables aleatorias - 6. Modelos de distribución de probabilidad - 7. Distribuciones multivariantes - 8. Distribuciones de funciones de variables aleatorias y aproximaciones - 9. Estimacoón - 10. Contrastación de hipótesis estadísticas - 11. Muestreo en poblaciones finitas - 12. Contrastes no paramétricos 13. El modelo de regresión lineal - 14. Utilización práctica del modelo de regresión - 15. El modelo de regresión múltiple
041 _aspa
942 _cBK
590 _aniveau_biblio:m niveau_hierar:0
100 1 _aNovales Cinca, Alfonso
856 4 1 _uhttps://www.biblioeco.unsa.edu.ar/pmb/images/libros/L128297.jpg
_yImagen de portada
_qimage/jpeg
999 _c5017
_d5017